COPA LIBERTADORES WINNERS - Statistics

General Stats
  • This quiz has been taken 52 times
  • The average score is 53 of 63
Answer Stats
Year Team % Correct
1977 Boca Juniors
96%
1978 Boca Juniors
96%
2000 Boca Juniors
96%
2001 Boca Juniors
96%
2003 Boca Juniors
96%
2007 Boca Juniors
96%
1986 River Plate
96%
1996 River Plate
96%
2015 River Plate
96%
2018 River Plate
96%
1981 Flamengo
94%
2019 Flamengo
94%
2022 Flamengo
94%
1999 Palmeiras
92%
2020 Palmeiras
92%
2021 Palmeiras
92%
1962 Santos
92%
1963 Santos
92%
2011 Santos
92%
2012 Corinthians
88%
1983 Grêmio
88%
1995 Grêmio
88%
2017 Grêmio
88%
1964 Independiente
88%
1965 Independiente
88%
1972 Independiente
88%
1973 Independiente
88%
1974 Independiente
88%
1975 Independiente
88%
1984 Independiente
88%
1960 Peñarol
88%
1961 Peñarol
88%
1966 Peñarol
88%
1982 Peñarol
88%
1987 Peñarol
88%
2014 San Lorenzo
85%
1992 São Paulo
85%
1993 São Paulo
85%
2005 São Paulo
85%
2006 Internacional
81%
2010 Internacional
81%
1971 Nacional
81%
1980 Nacional
81%
1988 Nacional
81%
1968 Estudiantes
79%
1969 Estudiantes
79%
1970 Estudiantes
79%
2009 Estudiantes
79%
1991 Colo-Colo
77%
1989 Atlético Nacional
75%
2016 Atlético Nacional
75%
1967 Racing
75%
2013 Atlético Mineiro
73%
1979 Olimpia
73%
1990 Olimpia
73%
2002 Olimpia
73%
1976 Cruzeiro
71%
1997 Cruzeiro
71%
1998 Vasco da Gama
71%
2004 Once Caldas
63%
1985 Argentinos Juniors
60%
1994 Vélez Sársfield
58%
2008 LDU Quito
54%
No matching quizzes found
Score Distribution
Percent of People with Each Score
Percentile by Number Answered
Your Score History
You have not taken this quiz